Papua-Nowa Gwinea vs. Madagaskar - Statystyki

Ogólne statystyki
  • Ten quiz został rozwiązany 184 razy
    181 od ostatniego zresetowania
  • Średni wynik to 12 z 18
Statystyki odpowiedzi
Zagadnienie Odpowiedź % Poprawnych
Położone jest w Afryce. Madagaskar
100%
Stolica położona jest nad morzem. Papua-Nowa Gwinea
86%
Jego mieszkaniec został przedstawiony na zdjęciu quizu. Papua-Nowa Gwinea
86%
Walutą jest kina. Papua-Nowa Gwinea
79%
We fladze występują tylko trzy kolory. Madagaskar
71%
Jest królestwem. Papua-Nowa Gwinea
71%
Najwyższy szczyt przekracza 4000 m n.p.m. Papua-Nowa Gwinea
71%
Położone jest bliżej Indii. Madagaskar
64%
Występuje tam więcej znanych endemicznych gatunków zwierząt. Madagaskar
64%
Jest częściej odwiedzane przez turystów. Madagaskar
64%
Od najbliższego kontynentu dzieli je większa odległość. Madagaskar
64%
Jednym z języków urzędowych jest język angielski. Papua-Nowa Gwinea
57%
Dominującą religią jest protestantyzm. Papua-Nowa Gwinea
57%
Ma wskaźnik urbanizacji wyższy niż 30%. Madagaskar
50%
Drugie największe miasto przekracza 200 000 mieszkańców. Madagaskar
50%
Położone jest na wyspie przekraczającej 700 000 km². Papua-Nowa Gwinea
50%
Posiada dłuższą linię brzegową. Papua-Nowa Gwinea
50%
Najwyższa zanotowana temperatura wynosiła 39,4°C. Papua-Nowa Gwinea
36%
Nie znaleziono quizów pasujących do podanych kryteriów
Rozkład punktacji
Procent ludzi z każdym wynikiem
Percentyl według liczby udzielonych odpowiedzi
Twoja historia wyników
Nie rozwiązałeś tego quizu od ostatniego zresetowania